Les numéros 10 de l'equipe de France depuis Zidane - Statistiques

Statistiques générales
  • Ce quiz a été pris 636 fois
  • Le résultat moyen est 5 sur 14
Statistiques - réponses
Date Sélections Joueur % Correct
2018 34 Mbappé
98%
2007 81 Benzema
84%
1996 108 Zidane
69%
2016 36 Gignac
52%
2017 38 Payet
51%
2010 52 Valbuena
38%
2017 16 Lacazette
31%
2007 49 Govou
30%
2007 41 Cissé
16%
2006 1 Faubert
16%
2001 10 Carrière
13%
2016 13 Gameiro
13%
2003 17 Giuly
13%
2015 5 Kondogbia
5%
Aucun quiz correspondant
Distribution des résultats
% des personnes avec chaque résultat
Percentile par nombre de réponses
Votre historique - résultats
Vous n’avez pas pris ce quiz